Responses for Show #8679 - Thursday, July 7, 2022

Yungsheng Wang game 4.
Jimmy McGuire's last game as a member of the Clue Crew.

Contestants

[<< previous game]

Brian Ahern, a user support associate from Daly City, California

Heather Brown, a civil servant from South Berwick, Maine

Yungsheng Wang, a public defender from Los Angeles, California (whose 3-day cash winnings total $84,202)

[next game >>]

Jeopardy! Round responses

WHICH NEW YORK CITY BOROUGH?
____ & ____
SALAD DRESSING FOR SUCCESS
HEMINGWAY
RHYME ZONE
(Mayim: Each response rhymes with "zone".)
FROM THE SPEEDWAY
(Jimmy: [*]--the Las Vegas Motor Speedway, home of NASCAR and so much more.)
    $200 1
Manhattan

Brian
    $200 8
a bed & breakfast

Heather
    $200 6
Newman's Own

Yungsheng 永勝
    $200 24
shrapnel

Heather
    $200 11
(Brian: What is [*] zone?)

scone

Brian
    $200 26
asphalt

Brian
    $400 2
Brooklyn

Yungsheng 永勝
    $400 9
(Yungsheng: What is cut & paste?)

copy & paste

Yungsheng 永勝Heather
    $400 10
Thousand Island

Heather
    $4,600 23
For Whom the Bell Tolls

Brian
    $400 17
groan

Heather
    $400 27
the pit (road)

Brian
    $600 3
Queens

Brian
    $600 7
a black & tan

Brian
    $600 15
ranch

Yungsheng 永勝
    $600 22
Bogie & Bacall (Humphrey Bogart & Lauren Bacall)

Brian
    $600 18
a drone

Brian
    $600 28
(Yungsheng: What is Marlboro?)
(Heather: What is Camel?)

Winston

Yungsheng 永勝Heather
Triple Stumper
    $800 4
Staten Island

Brian
    $800 12
Shock & Awe

Yungsheng 永勝
    $800 16
Ken's

Heather
    $800 14
(Mayim: "A Clean, [*] Place".)

well-lighted

Triple Stumper
    $800 19
flown

Heather
    $800 29
a spoiler

Brian
    $1000 5
the Bronx

Triple Stumper
    $1000 13
Ways & Means

Yungsheng 永勝
    $1000 25
green goddess

Heather
    $1000 21
Ketchum

Triple Stumper
    $1000 20
roan

Brian
    $1000 30
a vacuum

Triple Stumper

Scores at the first commercial break (after clue 15):

Yungsheng 永勝 Heather Brian
$2,600 $1,000 $2,400

Scores at the end of the Jeopardy! Round:

Yungsheng 永勝 Heather Brian
$2,000 $3,600 $10,600

Double Jeopardy! Round responses

NEXT LEADER IN LINE
4-LETTER ACRONYMS
SUCH GREAT CHEMISTRY
THE SCARF
OLD NEWSPAPERS
"G"EOGRAPHY
    $400 12
Macbeth

Triple Stumper
    $400 10
ASAP

Yungsheng 永勝
    $400 2
the freezing point

Triple Stumper
    $400 21
Doctor Who

Brian
    $400 26
The Times

Yungsheng 永勝
    $400 1
(the Strait of) Gibraltar

Brian
    $800 13
Macron

Heather
    $800 11
(Heather: Uh, what is... e... mail?)

CARE

Heather
Triple Stumper
    $800 3
(Yungsheng: What is a noble gas?)
(Heather: What is a state?)

an isotope

Yungsheng 永勝HeatherBrian
    $800 22
The Devil Wears Prada

Yungsheng 永勝
    $800 27
(Brian: What is Berlin?)
(Yungsheng: What is Munich?)
(Heather: Uh, what is Hamburg?)

Vienna

Yungsheng 永勝HeatherBrian
Triple Stumper
    $800 6
the Great Salt Lake

Heather
    $1200 14
Gorbachev

Yungsheng 永勝
    $1200 17
CODA

Yungsheng 永勝
    $1200 4
the noble gases

Yungsheng 永勝
    $1200 23
Isla Fisher

Triple Stumper
    $1200 28
Enquirer

Yungsheng 永勝
    $1200 7
Guatemala

Yungsheng 永勝
    $4,500 15
Maria Theresa

Yungsheng 永勝
    $1600 18
(Heather: What is Airbnb?)

VRBO

Yungsheng 永勝Heather
    $2,399 5
polymers

Yungsheng 永勝
    $1600 24
House of Gucci

Triple Stumper
    $1600 29
Alexander Hamilton

Yungsheng 永勝
    $1600 8
Georgia

Heather
    $2000 16
Claudius

Yungsheng 永勝
    $2000 19
MIDI

Heather
    $2000 20
a valence

Brian
    $2000 25
(Heather: What is "Dear John"?)
...
(Yungsheng: Shouldn’t have given it back to him.)
[NOTE: It is Jake Gyllenhaal that is rumored to still have her scarf.]

"All Too Well"

Yungsheng 永勝Heather
    $2000 30
Hartford

Heather
    $2000 9
Gothenburg

Triple Stumper

Scores at the end of the Double Jeopardy! Round:

Yungsheng 永勝 Heather Brian
$22,099 $4,800 $13,400

[wagering suggestions for these scores]

Final Jeopardy! Round responses

LITERARY CHARACTERS ON SCREEN
(Mayim: [To Brian] He's been depicted over 250 times by more than 75 actors.)
HeatherWho is Scrooge?
$4,800
BrianWho is Sherlock Holmes
$13,400
Yungsheng 永勝Who is Zorro?
$4,900
Sherlock Holmes

Final scores:

Yungsheng 永勝 Heather Brian
$17,199 $0 $26,800
2nd place: $2,000 3rd place: $1,000 New champion: $26,800

Game dynamics:

Coryat scores:

Yungsheng 永勝 Heather Brian
$18,400 $4,800 $9,200
19 R
(including 2 DDs),
4 W
13 R,
6 W
16 R
(including 1 DD),
1 W

Combined Coryat: $32,400

[game clues] [game scores] [suggest correction]

Game tape date: 2022-05-05
The J! Archive is created by fans, for fans. Scraping, republication, monetization, and malicious use prohibited; this site may use cookies and collect identifying information. See terms. The Jeopardy! game show and all elements thereof, including but not limited to copyright and trademark thereto, are the property of Jeopardy Productions, Inc. and are protected under law. This website is not affiliated with, sponsored by, or operated by Jeopardy Productions, Inc. Join the discussion at JBoard.tv.